[Event "HUN-ch U16"]
[Site "Balatonlelle"]
[Date "2015.06.23"]
[Round "6"]
[White "Szuhanszki, Gergely"]
[Black "Molnar, Tamas"]
[Result "1/2-1/2"]
[WhiteElo "1653"]
[BlackElo "1433"]
[PlyCount "50"]
[EventDate "2015.06.18"]
[EventType "swiss"]
[EventRounds "7"]
[EventCountry "HUN"]
[SourceTitle "CBM 167 Extra"]
[Source "ChessBase"]
[SourceDate "2015.09.14"]
[SourceVersion "1"]
[SourceVersionDate "2015.09.14"]
[SourceQuality "1"]

1. Nf3 Nc6 2. d4 d5 3. c4 e6 4. cxd5 exd5 5. Nc3 Nf6 6. g3 Bb4 7. Bd2 Bg4 8. Nb5 Qd7 9. Ne5 Bxd2+ 10. Qxd2 Nxe5 11. dxe5 Qxb5 12. exf6 gxf6 13. e4 Qa4 14. exd5 Qe4+ 15. Qe3 Qxe3+ 16. fxe3 Bf3 17. Bb5+ Ke7 18. 0-0 Bxd5 19. a3 c6 20. e4 Be6 21. Ba4 Rad8 22. Rf2 Rd6 23. Bc2 h6 24. Kf1 Rhd8 25. Ke1 Rd4 1/2-1/2

[Event "HUN-ch U16"]
[Site "Balatonlelle"]
[Date "2015.06.19"]
[Round "2"]
[White "Molnar, Tamas"]
[Black "Koltai, Daniel"]
[Result "0-1"]
[WhiteElo "1433"]
[BlackElo "1680"]
[PlyCount "74"]
[EventDate "2015.06.18"]
[EventType "swiss"]
[EventRounds "7"]
[EventCountry "HUN"]
[SourceTitle "CBM 167 Extra"]
[Source "ChessBase"]
[SourceDate "2015.09.14"]
[SourceVersion "1"]
[SourceVersionDate "2015.09.14"]
[SourceQuality "1"]

1. e4 c5 2. Nf3 d6 3. d4 cxd4 4. Nxd4 Nf6 5. Nc3 g6 6. f4 Bg7 7. e5 Nh5 8. Bb5+ Bd7 9. e6 fxe6 10. Nxe6 Bxc3+ 11. bxc3 Qc8 12. Qd4 Nf6 13. Qc4 Qxc4 14. Bxc4 Bxe6 15. Bxe6 Na6 16. 0-0 Nc5 17. Bc4 d5 18. Bb5+ Kf7 19. f5 a6 20. Be2 Rac8 21. Bf3 Rhd8 22. fxg6+ Kxg6 23. Ba3 e5 24. Rab1 b5 25. g3 Rc6 26. c4 bxc4 27. Bxc5 Rxc5 28. Rb6 Kg7 29. Rxa6 e4 30. Bg2 Rf8 31. Rf4 Rb5 32. Kf1 Rb2 33. Bh3 Rxc2 34. a4 e3 35. Ra7+ Rf7 36. Ra8 Rb7 37. Kg1 e2 0-1

[Event "HUN-chT2 Asztalos 0809"]
[Site "Hungary"]
[Date "2009.04.05"]
[Round "10"]
[White "Straubinger, Daniel"]
[Black "Molnar, Tamas"]
[Result "1/2-1/2"]
[WhiteElo "2133"]
[BlackElo "1995"]
[PlyCount "61"]
[EventDate "2008.10.26"]
[EventType "team-tourn"]
[EventRounds "11"]
[EventCountry "HUN"]
[SourceTitle "EXT 2010"]
[Source "ChessBase"]
[SourceDate "2010.11.25"]
[SourceVersion "1"]
[SourceVersionDate "2010.11.25"]
[SourceQuality "1"]
[WhiteTeam "Szekszard/Decs II"]
[BlackTeam "Tamasi Szabadido"]
[WhiteTeamCountry "HUN"]
[BlackTeamCountry "HUN"]

1. e4 e6 2. d4 d5 3. Nd2 Nf6 4. e5 Nfd7 5. Bd3 c5 6. c3 Nc6 7. Ne2 c4 8. Bb1 b5 9. 0-0 Qb6 10. f4 g6 11. Nf3 Bb7 12. Kh1 Be7 13. Bc2 a5 14. Be3 h6 15. Qb1 Rg8 16. Qd1 Kd8 17. b3 Kc7 18. Qd2 Qa6 19. a4 b4 20. Rfd1 Nb6 21. Qe1 Qa7 22. Qg1 Ba6 23. Qf2 Rab8 24. Nd2 Rb7 25. bxc4 Nxc4 26. Nxc4 Bxc4 27. cxb4 axb4 28. Bd3 Na5 29. Nc1 b3 30. Qb2 Rgb8 31. Bd2 1/2-1/2

[Event "HUN-chT2 Asztalos 0607"]
[Site "Hungary"]
[Date "2006.12.17"]
[Round "4"]
[White "Lenart, Endre"]
[Black "Molnar, Tamas"]
[Result "0-1"]
[WhiteElo "2119"]
[BlackElo "1997"]
[PlyCount "132"]
[EventDate "2006.11.12"]
[EventType "team"]
[EventRounds "11"]
[EventCountry "HUN"]
[SourceTitle "EXT 2008"]
[Source "ChessBase"]
[SourceDate "2007.11.25"]
[SourceVersion "1"]
[SourceVersionDate "2007.11.25"]
[SourceQuality "1"]
[WhiteTeam "Komlo Banyasz"]
[BlackTeam "Koppany"]
[WhiteTeamCountry "HUN"]
[BlackTeamCountry "HUN"]

1. Nf3 d5 2. d3 c5 3. g3 Nc6 4. Bg2 e5 5. 0-0 f6 6. b3 Be6 7. c4 d4 8. Na3 Qd7 9. Re1 Nge7 10. Nc2 g5 11. e3 Ng6 12. exd4 cxd4 13. a3 h5 14. Nd2 h4 15. Ne4 Be7 16. b4 hxg3 17. fxg3 Bg4 18. Qd2 Kf7 19. Qf2 Kg7 20. Rf1 Raf8 21. Bd2 Rh5 22. b5 Nd8 23. a4 f5 24. Nxg5 Bxg5 25. Bxg5 Rxg5 26. Nb4 f4 27. Nd5 Bh3 28. Bxh3 Qxh3 29. Qg2 Qg4 30. Ra2 Nh4 31. gxh4 Qxh4 32. Qxg5+ Qxg5+ 33. Rg2 Qxg2+ 34. Kxg2 Ne6 35. h4 Nc5 36. Kf3 Rh8 37. Rg1+ Kf7 38. Rg5 Nxd3 39. Ke4 Nc5+ 40. Kxe5 Re8+ 41. Kf5 d3 42. Rg1 f3 43. Kf4 f2 44. Rf1 d2 45. Ne3 Nd3+ 46. Kf3 Ne1+ 47. Ke2 Rxe3+ 48. Kxd2 Rf3 49. Ke2 b6 50. Rxf2 Rxf2+ 51. Kxf2 Nd3+ 52. Ke3 Nc5 53. Kd4 Nxa4 54. Kd5 Kg6 55. Kc6 Kh5 56. Kb7 Nb2 57. Kxa7 Nxc4 58. Kb7 Kxh4 59. Kc6 Kg5 60. Kd5 Nb2 61. Ke5 Na4 62. Ke4 Kf6 63. Kd5 Kf5 64. Kc4 Ke4 65. Kb3 Nc5+ 66. Kc4 Ke5 0-1

[Event "HUN-chT2 Asztalos 0506"]
[Site "Hungary"]
[Date "2005.12.04"]
[Round "5"]
[White "Miovecz, Janos"]
[Black "Molnar, Tamas"]
[Result "0-1"]
[WhiteElo "2116"]
[BlackElo "1997"]
[PlyCount "42"]
[EventDate "2005.10.16"]
[EventType "team"]
[EventRounds "11"]
[EventCountry "HUN"]
[SourceTitle "EXT 2009"]
[Source "ChessBase"]
[SourceDate "2008.11.26"]
[SourceVersion "1"]
[SourceVersionDate "2008.11.26"]
[SourceQuality "1"]
[WhiteTeam "Szenna Pack II"]
[BlackTeam "Koppany"]
[WhiteTeamCountry "HUN"]
[BlackTeamCountry "HUN"]

1. e4 e6 2. d4 d5 3. Nc3 Bb4 4. e5 Ne7 5. Qg4 c5 6. a3 Qa5 7. axb4 Qxa1 8. Kd1 cxb4 9. Nb5 0-0 10. Nc7 Bd7 11. Nxa8 Rc8 12. Bd3 Nbc6 13. Ne2 Nf5 14. Bxf5 exf5 15. Qf4 Nxd4 16. Nxd4 Qb1 17. Nc7 Ba4 18. e6 Bxc2+ 19. Ke2 Be4 20. exf7+ Kxf7 21. Nde6 Qd3+ 0-1

[Event "HUN-chT2 Erkel 0304"]
[Site "Hungary"]
[Date "2004.01.25"]
[Round "6"]
[White "Molnar, Tamas"]
[Black "Frank, Jozsef1111"]
[Result "0-1"]
[WhiteElo "2020"]
[BlackElo "2021"]
[PlyCount "96"]
[EventDate "2003.09.28"]
[EventType "team"]
[EventRounds "11"]
[EventCountry "HUN"]
[SourceTitle "EXT 2009"]
[Source "ChessBase"]
[SourceDate "2008.11.26"]
[SourceVersion "1"]
[SourceVersionDate "2008.11.26"]
[SourceQuality "1"]
[WhiteTeam "Barcza"]
[BlackTeam "Dunaharaszti II"]
[WhiteTeamCountry "HUN"]
[BlackTeamCountry "HUN"]

1. e4 e6 2. Nf3 d5 3. Nc3 dxe4 4. Nxe4 Nf6 5. Nxf6+ Qxf6 6. Bc4 Bd7 7. 0-0 Bc6 8. d4 Bxf3 9. Qxf3 Qxf3 10. gxf3 c6 11. Re1 Be7 12. f4 g6 13. Bd2 Nd7 14. Bb3 0-0-0 15. c4 Bf6 16. Be3 Nb6 17. Rad1 Rd7 18. d5 exd5 19. Bxb6 axb6 20. cxd5 Bxb2 21. dxc6 bxc6 22. Rxd7 Kxd7 23. Bxf7 Rf8 24. Be6+ Kd6 25. f5 Bd4 26. Re4 gxf5 27. Re2 b5 28. Bb3 Rf6 29. Re8 c5 30. Bd1 c4 31. Rb8 Kc5 32. a4 bxa4 33. Bxa4 Ra6 34. Rb5+ Kd6 35. Bc2 Ra2 36. Bxf5 Rxf2 37. Kh1 Be5 38. Be4 Rxh2+ 39. Kg1 Rh4 40. Bc2 h6 41. Rb4 Kc5 42. Ra4 Rh2 43. Bh7 Rd2 44. Ra8 c3 45. Rc8+ Kb4 46. Rc6 Bd4+ 47. Kf1 h5 48. Rg6 c2 0-1

[Event "HUN-chT2 Erkel 0304"]
[Site "Hungary"]
[Date "2003.09.28"]
[Round "1"]
[White "Molnar, Tamas"]
[Black "Maraczi, Erno"]
[Result "0-1"]
[WhiteElo "2020"]
[BlackElo "2120"]
[PlyCount "58"]
[EventDate "2003.09.28"]
[EventType "team"]
[EventRounds "11"]
[EventCountry "HUN"]
[SourceTitle "EXT 2009"]
[Source "ChessBase"]
[SourceDate "2008.11.26"]
[SourceVersion "1"]
[SourceVersionDate "2008.11.26"]
[SourceQuality "1"]
[WhiteTeam "Barcza"]
[BlackTeam "Godollo"]
[WhiteTeamCountry "HUN"]
[BlackTeamCountry "HUN"]

1. e4 c5 2. Nf3 a6 3. d4 cxd4 4. c3 dxc3 5. Nxc3 Nc6 6. Bc4 e6 7. Qe2 b5 8. Bb3 b4 9. Na4 Na5 10. Bc2 Bb7 11. Be3 Nc6 12. 0-0 a5 13. Rfd1 Nf6 14. Nb6 Rb8 15. e5 Nd5 16. Nxd5 exd5 17. Rxd5 Ne7 18. Rd6 Nd5 19. Bg5 Qc8 20. Rc1 Bc6 21. Bf5 Qb7 22. e6 Bxd6 23. exd7+ Kf8 24. d8Q+ Rxd8 25. Bxd8 g6 26. Be4 Kg7 27. Bxa5 Ra8 28. Nd4 Nf4 29. Qg4 Bxe4 0-1

[Event "HUN-chT2 Breyer 0203"]
[Site "Hungary"]
[Date "2002.12.08"]
[Round "4"]
[White "Szabo, Zoltan"]
[Black "Molnar, Tamas"]
[Result "0-1"]
[WhiteElo "1827"]
[BlackElo "2070"]
[PlyCount "102"]
[EventDate "2002.09.22"]
[EventType "team"]
[EventRounds "11"]
[EventCountry "HUN"]
[SourceTitle "EXT 2009"]
[Source "ChessBase"]
[SourceDate "2008.11.26"]
[SourceVersion "1"]
[SourceVersionDate "2008.11.26"]
[SourceQuality "1"]

1. d4 Nf6 2. c4 g6 3. Nc3 Bg7 4. e4 d6 5. f4 0-0 6. Nf3 c5 7. d5 e6 8. Be2 exd5 9. cxd5 a6 10. a4 Re8 11. Qc2 Nxe4 12. Nxe4 Bf5 13. Nfd2 Qe7 14. Bf3 Bxe4 15. Nxe4 f5 16. 0-0 fxe4 17. Re1 Bd4+ 18. Kf1 e3 19. Qd3 Nd7 20. Re2 Qf6 21. Bxe3 Bxe3 22. Rxe3 Qxf4 23. Rae1 Rxe3 24. Qxe3 Qxe3 25. Rxe3 Ne5 26. Be2 Rf8+ 27. Kg1 Rf4 28. Rb3 Rxa4 29. Rxb7 Rd4 30. Bxa6 Rxd5 31. Be2 Rd4 32. b3 d5 33. Rb5 Rd2 34. Kf1 Rc2 35. b4 Rc1+ 36. Kf2 Rc2 37. Kf1 cxb4 38. Rxb4 Kf7 39. Rb5 Ke6 40. Rb6+ Kf5 41. Rb3 Rc1+ 42. Kf2 d4 43. Rh3 h5 44. Rb3 Rc6 45. Rb5 Rc2 46. Ke1 Ke4 47. Kd1 Ra2 48. Rb3 d3 49. Bf3+ Nxf3 50. gxf3+ Ke3 51. Kc1 Ke2 0-1

[Event "HUN-chT3 9900"]
[Site "Hungary"]
[Date "2000.03.05"]
[Round "9"]
[White "Molnar, Tamas"]
[Black "Salanki, Endre"]
[Result "1-0"]
[WhiteElo "2076"]
[BlackElo "2248"]
[PlyCount "67"]
[EventDate "1999.09.26"]
[EventType "team"]
[EventRounds "11"]
[EventCountry "HUN"]
[SourceTitle "EXT 2002"]
[Source "ChessBase"]
[SourceDate "2001.11.25"]
[SourceVersion "1"]
[SourceVersionDate "2001.11.25"]
[SourceQuality "1"]

1. e4 c5 2. d4 cxd4 3. c3 d5 4. exd5 Qxd5 5. Nf3 e6 6. Nxd4 a6 7. Be3 Nf6 8. Qb3 Nbd7 9. Nd2 Nc5 10. Qc2 Bd7 11. c4 Qh5 12. h3 Qg6 13. Qxg6 hxg6 14. Be2 e5 15. N4f3 Ng4 16. Bxc5 Bxc5 17. 0-0 Nh6 18. Nxe5 Be6 19. Ndf3 Nf5 20. Rad1 Ng3 21. Rfe1 0-0 22. Ng5 Bf5 23. Bf3 Bc2 24. Rd7 Rae8 25. Bd5 Bb4 26. Ngxf7 Kh7 27. Ng5+ Kh6 28. Nef7+ Kh5 29. Bf3+ Kh4 30. Rd4+ Be4 31. Nxe4 Nf5 32. g3+ Nxg3 33. fxg3+ Kxh3 34. Nfg5# 1-0

[Event "HUN-chT2 9899"]
[Site "Hungary"]
[Date "1999.??.??"]
[Round "?"]
[White "Revesz, Bela"]
[Black "Molnar, Tamas"]
[Result "0-1"]
[WhiteElo "2085"]
[BlackElo "2075"]
[PlyCount "130"]
[EventDate "1998.??.??"]
[EventType "team"]
[EventRounds "12"]
[EventCountry "HUN"]
[SourceTitle "EXT 2000"]
[Source "ChessBase"]
[SourceDate "1999.11.16"]
[SourceVersion "1"]
[SourceVersionDate "1999.11.16"]
[SourceQuality "1"]

1. e4 e5 2. Nf3 Nc6 3. Bb5 a6 4. Ba4 Nf6 5. 0-0 Be7 6. Re1 b5 7. Bb3 0-0 8. c3 d5 9. exd5 Nxd5 10. Nxe5 Nxe5 11. Rxe5 Nf6 12. d3 Bd6 13. Re2 Ng4 14. h3 Qh4 15. Nd2 Bb7 16. Ne4 Bxe4 17. dxe4 Rad8 18. Qf1 Rfe8 19. g3 Qh5 20. hxg4 Qxg4 21. Bd5 Re5 22. Re1 Rh5 23. Qg2 c6 24. e5 Rxe5 25. Rxe5 Bxe5 26. Bf3 Qg6 27. Bf4 Bxf4 28. gxf4 Qc2 29. Qf1 Qxb2 30. Qc1 Rd2 31. Qxb2 Rxb2 32. Bxc6 Rc2 33. Rd1 g6 34. Rd8+ Kg7 35. Bd5 f5 36. Rd7+ Kh8 37. Ra7 Rxc3 38. Rxa6 Rd3 39. Bc6 b4 40. Kg2 b3 41. a4 b2 42. Rb6 Rc3 43. Rb8+ Kg7 44. Be8 Rc2 45. Rb4 Kh6 46. Bb5 Kh5 47. Kf3 h6 48. Ke3 g5 49. Be2+ g4 50. Kd3 b1Q 51. Rxb1 Ra2 52. Bd1 Rxf2 53. Ra1 Rb2 54. a5 Rb7 55. Be2 Kh4 56. a6 Ra7 57. Ke3 Kg3 58. Rg1+ Kh2 59. Kf2 h5 60. Bf1 h4 61. Rg2+ Kh1 62. Ke3 Rxa6 63. Bxa6 Kxg2 64. Bc8 h3 65. Bxf5 g3 0-1